Kindergarten Math - Statistics

General Stats
  • This quiz has been taken 238 times
  • The average score is 14 of 15
Answer Stats
Question Answer % Correct
What is 3+2? 5
98%
What is 2-1? 1
96%
What is 12-1? 11
96%
What is 1+1? 2
96%
What is 2+4? 6
96%
What is 3+4? 7
96%
What is 4-1? 3
94%
What is 9-5? 4
94%
What is 10-3? 7
94%
What is 4+4? 8
94%
What is 9+1? 10
92%
What is 16-3? 13
92%
What is 5+9? 14
92%
What is 5+2? 7
92%
What is 11+9? 20
90%
No matching quizzes found
Score Distribution
Percent of People with Each Score
Percentile by Number Answered
Your Score History
You have not taken this quiz